[Event "10. Torneo I. Cidade de Pontevedra 2022"]
[Site "Pontevedra ESP"]
[Date "2022.07.28"]
[Round "7.21"]
[White "Blanco Garcia, Liliam Barbara"]
[Black "Aguilera Lopez, Alejandro"]
[Result "1/2-1/2"]
[WhiteElo "2031"]
[BlackElo "2219"]
[PlyCount "118"]
[EventDate "2022.07.24"]
[EventType "swiss"]
[EventRounds "9"]
[EventCountry "ESP"]
[SourceTitle "Ajedrez en Madrid"]
[Source "lmi"]
[SourceDate "2022.07.24"]
[SourceVersion "1"]
[SourceVersionDate "2022.08.06"]
[SourceQuality "1"]

1. e4 c5 2. c3 Nf6 3. e5 Nd5 4. Nf3 d6 5. exd6 e6 6. g3 Bxd6 7. Bg2 Nc6 8. O-O
Qf6 9. Na3 O-O 10. Nc2 h6 11. d4 c4 12. Ne3 b5 13. Ng4 Qg6 14. Nh4 Qh7 15. f4
Nce7 16. Qe2 Bb7 17. Ne5 a5 18. Be4 f5 19. Bf3 Bxe5 20. Qxe5 Ra6 21. b3 cxb3
22. axb3 Re8 23. c4 bxc4 24. bxc4 Nc6 25. Qe1 Ndb4 26. Qc3 g5 27. fxg5 Rd8 28.
d5 exd5 29. g6 Qd7 30. cxd5 Nxd5 31. Bxd5+ Qxd5 32. Nxf5 Qh1+ 33. Kxh1 Nd4+ 34.
Kg1 Ne2+ 35. Kf2 Nxc3 36. Bxh6 Rxg6 37. Ne7+ Kh7 38. Nxg6 Kxh6 39. Nf4 a4 40.
Rfe1 Rd2+ 41. Kg1 Kg5 42. Re3 Rc2 43. Rxc3 Rxc3 44. Rxa4 Bc6 45. Rb4 Rc1+ 46.
Kf2 Rc2+ 47. Ne2 Bd7 48. h4+ Kh5 49. Ke3 Ra2 50. Rd4 Bc8 51. Rd5+ Kg4 52. Rg5+
Kh3 53. Nf4+ Kh2 54. h5 Ra3+ 55. Ke4 Rxg3 56. Rxg3 Kxg3 57. h6 Kg4 58. Ke5 Bf5
59. Nd5 Kg5 1/2-1/2

[Event "10. Torneo I. Cidade de Pontevedra 2022"]
[Site "Pontevedra ESP"]
[Date "2022.07.28"]
[Round "7.22"]
[White "Patino Romaris, Juan Roberto"]
[Black "Antonano Fernandez-Quincoces, Av"]
[Result "1-0"]
[WhiteElo "2093"]
[BlackElo "1981"]
[PlyCount "79"]
[EventDate "2022.07.24"]
[EventType "swiss"]
[EventRounds "9"]
[EventCountry "ESP"]
[SourceTitle "Ajedrez en Madrid"]
[Source "lmi"]
[SourceDate "2022.07.24"]
[SourceVersion "1"]
[SourceVersionDate "2022.08.06"]
[SourceQuality "1"]

1. d4 e6 2. e4 b6 3. Bd3 Bb7 4. Nf3 Nf6 5. Qe2 d5 6. e5 Nfd7 7. O-O c5 8. c3
Be7 9. a3 Qc8 10. b4 a6 11. Bg5 Qd8 12. Bxe7 Qxe7 13. Nbd2 Nc6 14. Rfe1 h6 15.
Nf1 c4 16. Bc2 b5 17. a4 Na7 18. Ra2 Bc6 19. Rea1 bxa4 20. Bxa4 Nb5 21. Qd2 O-O
22. Bc2 Bb7 23. Ne3 f5 24. exf6 Qxf6 25. Ba4 Bc6 26. Ng4 Qf4 27. Qxf4 Rxf4 28.
Nge5 Nxe5 29. Nxe5 Be8 30. Bxb5 Bxb5 31. f3 Ra7 32. Kf2 Rf6 33. g4 g5 34. h4
Rh7 35. Rh1 gxh4 36. Rxh4 Ra7 37. Ke3 Be8 38. Rh1 h5 39. gxh5 Rh6 40. Ng4 1-0

[Event "10. Torneo I. Cidade de Pontevedra 2022"]
[Site "Pontevedra ESP"]
[Date "2022.07.28"]
[Round "7.23"]
[White "Cabanas Rodriguez, Roi"]
[Black "Teijeiro Barros, Alberto"]
[Result "0-1"]
[WhiteElo "1945"]
[BlackElo "2066"]
[PlyCount "126"]
[EventDate "2022.07.24"]
[EventType "swiss"]
[EventRounds "9"]
[EventCountry "ESP"]
[SourceTitle "Ajedrez en Madrid"]
[Source "lmi"]
[SourceDate "2022.07.24"]
[SourceVersion "1"]
[SourceVersionDate "2022.08.06"]
[SourceQuality "1"]

1. c4 c5 2. g3 Nf6 3. Bg2 g6 4. Nc3 Bg7 5. a3 Nc6 6. Rb1 a5 7. Nf3 d5 8. cxd5
Nxd5 9. Nxd5 Qxd5 10. d3 O-O 11. O-O Rb8 12. Bf4 Ra8 13. Ne5 Qe6 14. Nxc6 bxc6
15. Qd2 Ba6 16. Rbc1 c4 17. dxc4 Bxc4 18. Qc2 Bd5 19. e4 Bb3 20. Qxc6 Bxb2 21.
Qxe6 Bxe6 22. Rc7 Bxa3 23. Ra1 Bb4 24. h4 h5 25. Rb7 Rfd8 26. Bc7 Rd7 27. Rxb4
Rxc7 28. Rba4 Rc5 29. R4a3 Ra7 30. Bf1 Kg7 31. f4 f6 32. Kf2 Bd7 33. Ke3 a4 34.
Be2 Rac7 35. Bd1 Rc3+ 36. Kd2 R3c4 37. e5 fxe5 38. fxe5 Rd4+ 39. Rd3 Rxd3+ 40.
Kxd3 Bb5+ 41. Kd4 e6 42. Ke3 Be8 43. Ra3 Rc5 44. Kf4 Bc6 45. Bf3 Bb5 46. Bd1
Rc1 47. Bf3 Rb1 48. Rc3 Rb3 49. Rc7+ Kh6 50. Ra7 a3 51. Be4 Bc4 52. g4 hxg4 53.
Rc7 a2 54. Ra7 Rb1 55. h5 Rf1+ 56. Kxg4 a1=Q 57. Rxa1 Rxa1 58. Bxg6 Be2+ 59.
Kf4 Bxh5 60. Bc2 Bg6 61. Bb3 Bf5 62. Kg3 Ra3 63. Kh4 Kg6 0-1

[Event "10. Torneo I. Cidade de Pontevedra 2022"]
[Site "Pontevedra ESP"]
[Date "2022.07.28"]
[Round "7.24"]
[White "Grana Castanal, Andres"]
[Black "Fernandez Rivero, Karla July"]
[Result "1/2-1/2"]
[WhiteElo "1917"]
[BlackElo "2058"]
[PlyCount "69"]
[EventDate "2022.07.24"]
[EventType "swiss"]
[EventRounds "9"]
[EventCountry "ESP"]
[SourceTitle "Ajedrez en Madrid"]
[Source "lmi"]
[SourceDate "2022.07.24"]
[SourceVersion "1"]
[SourceVersionDate "2022.08.06"]
[SourceQuality "1"]

1. e4 e5 2. Nf3 Nc6 3. Bc4 Nf6 4. d3 Bc5 5. c3 d6 6. Nbd2 a6 7. Bb3 Ba7 8. O-O
O-O 9. h3 d5 10. Re1 dxe4 11. dxe4 h6 12. Qe2 Qe7 13. Nf1 Be6 14. Bxe6 fxe6 15.
Be3 Bxe3 16. Nxe3 Qf7 17. Nc4 Nd7 18. a4 Qh5 19. Rad1 Nc5 20. Nfxe5 Qxe2 21.
Rxe2 Nxe5 22. Nxe5 Nxa4 23. Rd7 Rac8 24. Rd4 Nb6 25. Red2 Rfe8 26. R2d3 a5 27.
Nd7 e5 28. Nxb6 exd4 29. Nxc8 dxc3 30. Na7 cxb2 31. Rb3 Rxe4 32. Rxb2 Rb4 33.
Rc2 a4 34. Kh2 c6 35. Nxc6 1/2-1/2

[Event "10. Torneo I. Cidade de Pontevedra 2022"]
[Site "Pontevedra ESP"]
[Date "2022.07.28"]
[Round "7.25"]
[White "Carballo Noya, Miguel"]
[Black "Andias, Joao Pedro Menezes"]
[Result "0-1"]
[WhiteElo "1910"]
[BlackElo "2045"]
[PlyCount "100"]
[EventDate "2022.07.24"]
[EventType "swiss"]
[EventRounds "9"]
[EventCountry "ESP"]
[SourceTitle "Ajedrez en Madrid"]
[Source "lmi"]
[SourceDate "2022.07.24"]
[SourceVersion "1"]
[SourceVersionDate "2022.08.06"]
[SourceQuality "1"]

1. e4 c5 2. Be2 e5 3. d3 Nc6 4. f4 g6 5. Nf3 Bg7 6. O-O d6 7. c3 Nge7 8. fxe5
Nxe5 9. Nxe5 dxe5 10. Be3 b6 11. a4 Nc6 12. a5 Be6 13. b4 cxb4 14. axb6 axb6
15. Rxa8 Qxa8 16. Bxb6 bxc3 17. Nxc3 O-O 18. Bg4 Bxg4 19. Qxg4 Qa3 20. Nd5 Qxd3
21. Bc5 f5 22. Qh4 Rb8 23. Nf6+ Bxf6 24. Qxf6 Qxe4 25. Qe6+ Kg7 26. Qd7+ Kh6
27. Qd2+ f4 28. Rf3 Rd8 29. Bd6 Nd4 30. Rh3+ Kg7 31. Qa5 Nf3+ 32. Rxf3 Qd4+ 33.
Kf1 Rxd6 34. g3 Qd1+ 35. Kg2 Qd2+ 36. Qxd2 Rxd2+ 37. Kh3 g5 38. gxf4 gxf4 39.
Rc3 Kg6 40. Rc6+ Kg5 41. Rc7 h5 42. Rg7+ Kf5 43. Rh7 Ke4 44. Rxh5 f3 45. Rg5
Kf4 46. Rg4+ Ke3 47. Rg1 e4 48. Kg3 Rg2+ 49. Rxg2 fxg2 50. Kxg2 Kd2 0-1

[Event "10. Torneo I. Cidade de Pontevedra 2022"]
[Site "Pontevedra ESP"]
[Date "2022.07.28"]
[Round "7.26"]
[White "Victor, Julian"]
[Black "Ereza Vizcarra, Fernando"]
[Result "1/2-1/2"]
[WhiteElo "1944"]
[BlackElo "2131"]
[PlyCount "186"]
[EventDate "2022.07.24"]
[EventType "swiss"]
[EventRounds "9"]
[EventCountry "ESP"]
[SourceTitle "Ajedrez en Madrid"]
[Source "lmi"]
[SourceDate "2022.07.24"]
[SourceVersion "1"]
[SourceVersionDate "2022.08.06"]
[SourceQuality "1"]

1. d4 d6 2. e4 Nf6 3. Nc3 e5 4. Nf3 Nbd7 5. Bc4 Be7 6. O-O O-O 7. Qe2 exd4 8.
Nxd4 Ne5 9. Bb3 c5 10. Nf5 Bxf5 11. exf5 Qd7 12. Nd5 Rfe8 13. Ne3 Bf8 14. Rd1
b5 15. Bd5 Nxd5 16. Rxd5 Qb7 17. h3 Nc4 18. Qd3 Nb6 19. Rxd6 Bxd6 20. Qxd6 Qe7
21. Qc6 Qd7 22. Qxc5 Rac8 23. Qb4 Nc4 24. a4 Nxe3 25. Bxe3 bxa4 26. Qxa4 Qxf5
27. c3 h5 28. Qf4 Qxf4 29. Bxf4 Re7 30. Be3 Rcc7 31. Ra5 g6 32. Bd4 Red7 33.
Ra6 Kf8 34. h4 Ke7 35. g3 Kd8 36. Kf1 Kc8 37. Kg2 Re7 38. Kf3 Kb8 39. Kg2 Ka8
40. Kf3 Re1 41. Kf4 Rce7 42. Kf3 R1e6 43. Ra5 a6 44. b4 Rb7 45. Kg2 Rb5 46. Ra2
Kb7 47. Kf1 Re4 48. Ra4 Rd5 49. Kg2 Rd6 50. Kf3 f5 51. Ra5 Rc6 52. Ra1 Rc4 53.
Ra4 Rc8 54. Ra5 Rc6 55. Ra1 Kc7 56. Ra2 Re1 57. Ra3 Kd6 58. Ra5 Rb1 59. Kg2 Ke6
60. Re5+ Kf7 61. Ra5 Re6 62. Ra2 Rc6 63. Ra5 Ke6 64. Re5+ Kd7 65. Rd5+ Rd6 66.
Ra5 Kc8 67. Ra3 Kb7 68. Ra4 Rd5 69. Kf3 Re1 70. Kf4 Re4+ 71. Kf3 Re6 72. Ra1
Kc8 73. Ra3 Kd7 74. Ra1 Rb5 75. Ra2 Rc6 76. Re2 Kd6 77. Bg7 Rc4 78. Bh8 Rd5 79.
Ra2 Rc6 80. Bd4 Rb5 81. Bg7 Kd5 82. Kf4 Rb7 83. Bh8 Rc4+ 84. Kf3 Rb6 85. Ra5+
Ke6 86. Bd4 Rbc6 87. Re5+ Kf7 88. Ra5 Re6 89. Ra1 Kg8 90. Ra5 Kh7 91. Rd5 Rc7
92. Rd8 Kh6 93. Bc5 Rec6 1/2-1/2

[Event "10. Torneo I. Cidade de Pontevedra 2022"]
[Site "Pontevedra ESP"]
[Date "2022.07.28"]
[Round "7.27"]
[White "Mosca, Leonildo"]
[Black "Martinez Garcia, Ruben"]
[Result "1-0"]
[WhiteElo "2050"]
[BlackElo "1992"]
[PlyCount "123"]
[EventDate "2022.07.24"]
[EventType "swiss"]
[EventRounds "9"]
[EventCountry "ESP"]
[SourceTitle "Ajedrez en Madrid"]
[Source "lmi"]
[SourceDate "2022.07.24"]
[SourceVersion "1"]
[SourceVersionDate "2022.08.06"]
[SourceQuality "1"]

1. e4 c5 2. Nf3 d6 3. Bb5+ Nc6 4. O-O Bd7 5. Re1 Ne5 6. Bxd7+ Qxd7 7. Nxe5 dxe5
8. d3 Rd8 9. Be3 c4 10. Bxa7 cxd3 11. cxd3 Qxd3 12. Qxd3 Rxd3 13. Nc3 e6 14.
Rad1 Rxd1 15. Rxd1 Nf6 16. f3 Bb4 17. a3 Bxc3 18. bxc3 Nd7 19. Rb1 Ke7 20. Rxb7
Rc8 21. Rb3 Rc7 22. Be3 Kd6 23. Kf2 f5 24. Ke2 fxe4 25. fxe4 Nf6 26. Kd3 Rd7
27. Rb4 Kc6+ 28. Ke2 Rb7 29. Rxb7 Kxb7 30. Kd3 Kc6 31. a4 Nd7 32. a5 Nb8 33. c4
Na6 34. Bf2 g6 35. Kc3 h5 36. h4 Nb8 37. Kb4 Na6+ 38. Ka4 Nb8 39. Bg3 Nd7 40.
Bf2 Nb8 41. Kb4 Na6+ 42. Kc3 Nb8 43. Bb6 Na6 44. Kb3 Nb8 45. Bd8 Na6 46. Be7
Nb8 47. Ka4 Na6 48. c5 Nb8 49. Bd6 Nd7 50. a6 Nf6 51. a7 Kb7 52. Bb8 Ne8 53.
c6+ Ka8 54. Kb4 g5 55. hxg5 h4 56. g6 h3 57. gxh3 Nc7 58. Bxc7 Kxa7 59. g7 Ka6
60. g8=Q Ka7 61. Qb8+ Ka6 62. Qb6# 1-0

[Event "10. Torneo I. Cidade de Pontevedra 2022"]
[Site "Pontevedra ESP"]
[Date "2022.07.28"]
[Round "7.28"]
[White "Roque Sola, Andrea"]
[Black "Baldus Martin, Juan"]
[Result "1/2-1/2"]
[WhiteElo "1913"]
[BlackElo "2007"]
[PlyCount "111"]
[EventDate "2022.07.24"]
[EventType "swiss"]
[EventRounds "9"]
[EventCountry "ESP"]
[SourceTitle "Ajedrez en Madrid"]
[Source "lmi"]
[SourceDate "2022.07.24"]
[SourceVersion "1"]
[SourceVersionDate "2022.08.06"]
[SourceQuality "1"]

1. c4 c6 2. g3 d5 3. Bg2 Nf6 4. d4 e6 5. b3 Bd6 6. Nf3 O-O 7. O-O Nbd7 8. Bb2
a5 9. Nbd2 a4 10. Qc2 Qa5 11. c5 Bc7 12. Bc3 Qa6 13. Rfe1 Re8 14. Bf1 Qa7 15.
b4 b6 16. cxb6 Qxb6 17. a3 Ba6 18. Rac1 Bb5 19. e3 Rac8 20. Qb2 Qb7 21. Rc2 Bd6
22. Rb1 Nb6 23. Qc1 Ne4 24. Nxe4 dxe4 25. Nd2 f5 26. Qb2 g5 27. Qa2 Qf7 28. Nc4
Nxc4 29. Bxc4 h5 30. Ba1 h4 31. Rbc1 Rcd8 32. Re1 h3 33. Rcc1 Qg6 34. Qe2 Rb8
35. Bb2 Kh7 36. Rc2 Kh6 37. Qf1 Qh5 38. Qe2 Qxe2 39. Rexe2 Bxc4 40. Rxc4 Rb6
41. Rec2 Rc8 42. Kf1 Kh5 43. Ke2 Kg4 44. Bc3 f4 45. exf4 gxf4 46. Be1 Kf5 47.
R4c3 f3+ 48. Kf1 Be7 49. Bd2 Kg6 50. Be3 Ra6 51. b5 Rb6 52. bxc6 Rb1+ 53. Rc1
Rb3 54. Rxb3 axb3 55. Rb1 Rxc6 56. Rxb3 1/2-1/2

[Event "10. Torneo I. Cidade de Pontevedra 2022"]
[Site "Pontevedra ESP"]
[Date "2022.07.28"]
[Round "7.29"]
[White "Vidal Del Rio, Diego"]
[Black "Reza Salgado, Marcos"]
[Result "1/2-1/2"]
[WhiteElo "2041"]
[BlackElo "1790"]
[PlyCount "60"]
[EventDate "2022.07.24"]
[EventType "swiss"]
[EventRounds "9"]
[EventCountry "ESP"]
[SourceTitle "Ajedrez en Madrid"]
[Source "lmi"]
[SourceDate "2022.07.24"]
[SourceVersion "1"]
[SourceVersionDate "2022.08.06"]
[SourceQuality "1"]

1. e4 c5 2. Nf3 e6 3. c3 d5 4. exd5 Qxd5 5. d4 Nf6 6. Be2 Nc6 7. O-O cxd4 8.
cxd4 Be7 9. Nc3 Qd8 10. Be3 O-O 11. Ne5 Nxe5 12. dxe5 Nd7 13. f4 Bc5 14. Bxc5
Nxc5 15. Qxd8 Rxd8 16. Rad1 Bd7 17. Rd4 Bc6 18. Rfd1 Rxd4 19. Rxd4 a5 20. Kf2
Kf8 21. Bf3 Bxf3 22. Kxf3 Ke7 23. Ke3 Ra6 24. Rc4 Rc6 25. Ne4 Nxe4 26. Rxc6
bxc6 27. Kxe4 c5 28. Kd3 Kd7 29. Kc4 Kc6 30. a4 h5 1/2-1/2

[Event "10. Torneo I. Cidade de Pontevedra 2022"]
[Site "Pontevedra ESP"]
[Date "2022.07.28"]
[Round "7.30"]
[White "Sixto Puente, Eloy"]
[Black "Alonso Pacheco, Luis Joaquin"]
[Result "1-0"]
[WhiteElo "2071"]
[BlackElo "1903"]
[PlyCount "71"]
[EventDate "2022.07.24"]
[EventType "swiss"]
[EventRounds "9"]
[EventCountry "ESP"]
[SourceTitle "Ajedrez en Madrid"]
[Source "lmi"]
[SourceDate "2022.07.24"]
[SourceVersion "1"]
[SourceVersionDate "2022.08.06"]
[SourceQuality "1"]

1. e4 c5 2. Nf3 d6 3. d4 cxd4 4. Nxd4 Nf6 5. Nc3 Nc6 6. Bg5 e6 7. Qd2 a6 8.
O-O-O Bd7 9. f3 Nxd4 10. Qxd4 Be7 11. h4 Qc7 12. g4 b5 13. Be3 e5 14. Qd2 b4
15. Ne2 Be6 16. Kb1 O-O 17. h5 d5 18. g5 d4 19. Bf2 Nd7 20. h6 g6 21. f4 Rfd8
22. Bg3 Bd6 23. Bg2 Rac8 24. Rhf1 Nb6 25. b3 a5 26. Rc1 Rb8 27. fxe5 Bxe5 28.
Nf4 Bc8 29. Qf2 Re8 30. Nd3 Bxg3 31. Qf6 Be5 32. Nxe5 Qxe5 33. Qxf7+ Kh8 34.
Rf6 Qe7 35. Qxe7 Rxe7 36. Rf8# 1-0

[Event "10. Torneo I. Cidade de Pontevedra 2022"]
[Site "Pontevedra ESP"]
[Date "2022.07.28"]
[Round "7.31"]
[White "Macqueron, Gregory"]
[Black "Martin Andres, Carlos"]
[Result "0-1"]
[WhiteElo "1936"]
[BlackElo "1924"]
[PlyCount "88"]
[EventDate "2022.07.24"]
[EventType "swiss"]
[EventRounds "9"]
[EventCountry "ESP"]
[SourceTitle "Ajedrez en Madrid"]
[Source "lmi"]
[SourceDate "2022.07.24"]
[SourceVersion "1"]
[SourceVersionDate "2022.08.06"]
[SourceQuality "1"]

1. d4 Nf6 2. Nc3 d5 3. Bf4 c6 4. e3 e6 5. Bd3 Bd6 6. Qf3 Qe7 7. Bxd6 Qxd6 8.
O-O-O Nbd7 9. e4 dxe4 10. Nxe4 Qxd4 11. Ne2 Qe5 12. Nd2 Nb6 13. g4 Bd7 14. h4
O-O-O 15. Kb1 Nfd5 16. Rhe1 f6 17. a3 Qc7 18. c4 Ne7 19. Nf4 e5 20. Nh5 Rdg8
21. Ne4 Be6 22. c5 Nbd5 23. Nd6+ Kb8 24. g5 Qd8 25. Qe2 Nc8 26. Nxc8 Kxc8 27.
Bc4 Qd7 28. f3 Qf7 29. Bxd5 Bxd5 30. Ng3 Re8 31. Nf5 Qg6 32. Qd3 Kb8 33. Ka1
Rd8 34. gxf6 Be6 35. fxg7 Rhg8 36. Qxd8+ Rxd8 37. Rxd8+ Kc7 38. g8=Q Bxg8 39.
Rc8+ Kd7 40. Rd1+ Bd5 41. Nd6 Qc2 42. Rg1 Qb3 43. Rg7+ Ke6 44. Re8+ Kf6 0-1

[Event "10. Torneo I. Cidade de Pontevedra 2022"]
[Site "Pontevedra ESP"]
[Date "2022.07.28"]
[Round "7.32"]
[White "Vela Ignacio, Jose Manuel"]
[Black "Bastos Gonzalez, Gonzalo"]
[Result "1/2-1/2"]
[WhiteElo "2026"]
[BlackElo "1946"]
[PlyCount "122"]
[EventDate "2022.07.24"]
[EventType "swiss"]
[EventRounds "9"]
[EventCountry "ESP"]
[SourceTitle "Ajedrez en Madrid"]
[Source "lmi"]
[SourceDate "2022.07.24"]
[SourceVersion "1"]
[SourceVersionDate "2022.08.06"]
[SourceQuality "1"]

1. d4 Nf6 2. c4 e6 3. Nc3 Bb4 4. a3 Bxc3+ 5. bxc3 b6 6. f3 Nc6 7. e4 d6 8. Bd3
Na5 9. Qe2 Nb3 10. Rb1 Nxc1 11. Rxc1 e5 12. Qf2 O-O 13. Ne2 Qd7 14. O-O Ba6 15.
f4 Rae8 16. fxe5 dxe5 17. h3 Qc6 18. dxe5 Rxe5 19. Nd4 Qc5 20. Kh1 Bxc4 21.
Bxc4 Qxc4 22. Qg3 Nd7 23. Rf4 g6 24. Nf5 Kh8 25. Rd1 Nf6 26. Qh4 Ng8 27. Qg3
Qe6 28. Nd4 Qe8 29. Nf3 Rxe4 30. Rxe4 Qxe4 31. Qxc7 Nf6 32. Re1 Qf5 33. Nd4 Qf2
34. Re2 Qf1+ 35. Kh2 Nh5 36. Re7 Nf4 37. Qb7 Nd3 38. Ne6 Nc5 39. Nxc5 Qf4+ 40.
Kg1 bxc5 41. Qxa7 Rd8 42. Re1 Qd2 43. Qe7 Kg7 44. Qe5+ Kg8 45. a4 Rd6 46. a5
Qd5 47. Qxd5 Rxd5 48. Re8+ Kg7 49. a6 Rd1+ 50. Kf2 Ra1 51. Ra8 Kf6 52. a7 h5
53. Kf3 Kf5 54. h4 Ra3 55. Rc8 Rxa7 56. Rxc5+ Ke6 57. g4 hxg4+ 58. Kxg4 Kd6 59.
Rc8 Ra1 60. Kg5 Rg1+ 61. Kf6 Rf1+ 1/2-1/2

[Event "10. Torneo I. Cidade de Pontevedra 2022"]
[Site "Pontevedra ESP"]
[Date "2022.07.29"]
[Round "8.1"]
[White "Galperin, Platon"]
[Black "Mirzoev, Emil"]
[Result "1-0"]
[WhiteElo "2518"]
[BlackElo "2493"]
[PlyCount "85"]
[EventDate "2022.07.24"]
[EventType "swiss"]
[EventRounds "9"]
[EventCountry "ESP"]
[SourceTitle "Ajedrez en Madrid"]
[Source "lmi"]
[SourceDate "2022.07.24"]
[SourceVersion "1"]
[SourceVersionDate "2022.08.06"]
[SourceQuality "1"]

1. d4 Nf6 2. c4 g6 3. g3 c6 4. Bg2 d5 5. Qa4 Nbd7 6. cxd5 Nb6 7. Qb3 cxd5 8.
Nf3 Bg7 9. Nc3 O-O 10. O-O Bf5 11. Bf4 Ne4 12. Rac1 e6 13. h4 Rc8 14. Nb5 a6
15. Na7 Rc4 16. Ne5 Bxe5 17. dxe5 Qc7 18. Qe3 d4 19. Qb3 h5 20. Rxc4 Nxc4 21.
Rc1 b5 22. Nxb5 axb5 23. Qxb5 Rb8 24. Qxc4 Qxc4 25. Rxc4 Rxb2 26. f3 Nc3 27.
Rc8+ Kh7 28. Bg5 Nd5 29. Bf1 Rxa2 30. Rc4 Ra1 31. Kf2 Rd1 32. Bg2 Kg7 33. Rc8
Ra1 34. g4 Bb1 35. f4 Ra6 36. Bxd5 exd5 37. Bf6+ Rxf6 38. exf6+ Kxf6 39. Rc6+
Kg7 40. g5 Be4 41. Rc5 f5 42. Rc7+ Kg8 43. Rd7 1-0

[Event "10. Torneo I. Cidade de Pontevedra 2022"]
[Site "Pontevedra ESP"]
[Date "2022.07.29"]
[Round "8.2"]
[White "Manolache, Marius"]
[Black "Mendonca, Leon Luke"]
[Result "1/2-1/2"]
[WhiteElo "2469"]
[BlackElo "2567"]
[PlyCount "106"]
[EventDate "2022.07.24"]
[EventType "swiss"]
[EventRounds "9"]
[EventCountry "ESP"]
[SourceTitle "Ajedrez en Madrid"]
[Source "lmi"]
[SourceDate "2022.07.24"]
[SourceVersion "1"]
[SourceVersionDate "2022.08.06"]
[SourceQuality "1"]

1. d4 Nf6 2. Nf3 d5 3. c4 e6 4. e3 b6 5. a3 Bb7 6. Nc3 Nbd7 7. cxd5 exd5 8. Bd3
Bd6 9. O-O O-O 10. b4 Re8 11. Qb3 a6 12. a4 c6 13. Bd2 Qe7 14. b5 axb5 15. axb5
c5 16. Bf5 c4 17. Qc2 Ne4 18. Na4 Bc7 19. Rfb1 Ndf6 20. Bb4 Qd8 21. Nc3 Rxa1
22. Rxa1 Nxc3 23. Qxc3 g6 24. Bc2 Nd7 25. Ra7 Qc8 26. h3 Bb8 27. Ra1 Qd8 28.
Nd2 Nf6 29. Qa3 Qc7 30. Nf3 Nd7 31. Kf1 Re6 32. Ng5 Re8 33. Nf3 Re6 34. Ng5 Re8
35. Nf3 Kg7 36. Rc1 Re6 37. Ng5 Re8 38. Nf3 Nf6 39. Ne5 Nd7 40. Nf3 h6 41. Bb1
Kg8 42. Bc2 Re6 43. Ra1 Qd8 44. Qb2 Qf6 45. Bc3 Re8 46. Ra2 Qe7 47. Bb4 Qe6 48.
Bc3 Qf6 49. Qa1 Qe7 50. Qb2 Qe6 51. Qa1 Qe7 52. Qb2 Qe6 53. Qa1 Qe7 1/2-1/2

[Event "10. Torneo I. Cidade de Pontevedra 2022"]
[Site "Pontevedra ESP"]
[Date "2022.07.29"]
[Round "8.3"]
[White "Shyaamnikhil, P.."]
[Black "Grigoryan, Karen H."]
[Result "0-1"]
[WhiteElo "2443"]
[BlackElo "2643"]
[PlyCount "49"]
[EventDate "2022.07.24"]
[EventType "swiss"]
[EventRounds "9"]
[EventCountry "ESP"]
[SourceTitle "Ajedrez en Madrid"]
[Source "lmi"]
[SourceDate "2022.07.24"]
[SourceVersion "1"]
[SourceVersionDate "2022.08.06"]
[SourceQuality "1"]

1. e4 c5 2. Nf3 d6 3. Bb5+ Nd7 4. d4 cxd4 5. Nxd4 Ngf6 6. O-O a6 7. Ba4 Qc7 8.
c4 g6 9. Nc3 Bg7 10. Bg5 O-O 11. Rc1 e6 12. b4 b6 13. Bb3 Bb7 14. Re1 h6 15.
Bh4 Rac8 16. Bg3 Ne5 17. f3 Nh5 18. Bf2 Nf4 19. Na4 Nfd3 20. Ne2 Nxc1 21. Nxc1
b5 22. Nb6 Rcd8 23. Qe2 bxc4 24. Nxc4 Nxc4 25. Bxc4 0-1

[Event "10. Torneo I. Cidade de Pontevedra 2022"]
[Site "Pontevedra ESP"]
[Date "2022.07.29"]
[Round "8.4"]
[White "Ruck, Robert"]
[Black "Martinez Reyes, Pedro Ramon"]
[Result "1-0"]
[WhiteElo "2544"]
[BlackElo "2408"]
[PlyCount "43"]
[EventDate "2022.07.24"]
[EventType "swiss"]
[EventRounds "9"]
[EventCountry "ESP"]
[SourceTitle "Ajedrez en Madrid"]
[Source "lmi"]
[SourceDate "2022.07.24"]
[SourceVersion "1"]
[SourceVersionDate "2022.08.06"]
[SourceQuality "1"]

1. Nf3 Nf6 2. c4 b6 3. g3 Bb7 4. Bg2 e6 5. Nc3 Be7 6. O-O O-O 7. Re1 Ne4 8.
Nxe4 Bxe4 9. d3 Bb7 10. e4 c5 11. d4 cxd4 12. Nxd4 Nc6 13. e5 Qb8 14. Nb5 Rd8
15. Bf4 Na5 16. Bxb7 Nxb7 17. Qg4 a6 18. Nc3 d6 19. Rad1 Qc7 20. exd6 Bxd6 21.
Bg5 Be7 22. Nd5 1-0

[Event "10. Torneo I. Cidade de Pontevedra 2022"]
[Site "Pontevedra ESP"]
[Date "2022.07.29"]
[Round "8.5"]
[White "Gonzalez Perez, Arian"]
[Black "Pulvett Marin, Daniel Eduardo"]
[Result "1/2-1/2"]
[WhiteElo "2418"]
[BlackElo "2523"]
[PlyCount "44"]
[EventDate "2022.07.24"]
[EventType "swiss"]
[EventRounds "9"]
[EventCountry "ESP"]
[SourceTitle "Ajedrez en Madrid"]
[Source "lmi"]
[SourceDate "2022.07.24"]
[SourceVersion "1"]
[SourceVersionDate "2022.08.06"]
[SourceQuality "1"]

1. d4 Nf6 2. c4 c5 3. d5 d6 4. Nc3 g6 5. e4 Bg7 6. h3 O-O 7. Nf3 e6 8. Bd3 Nbd7
9. O-O e5 10. a3 h6 11. Re1 Nh7 12. Qc2 Ndf6 13. b4 b6 14. bxc5 bxc5 15. Qa4
Ne8 16. Rb1 f5 17. Qc6 Bd7 18. Qa6 Bc8 19. Qc6 Bd7 20. Qa6 f4 21. Bc2 Ng5 22.
Bd1 Bc8 1/2-1/2

[Event "10. Torneo I. Cidade de Pontevedra 2022"]
[Site "Pontevedra ESP"]
[Date "2022.07.29"]
[Round "8.6"]
[White "Garrido Outon, Alex"]
[Black "Del Rio De Angelis, Salvador G."]
[Result "1/2-1/2"]
[WhiteElo "2436"]
[BlackElo "2442"]
[PlyCount "110"]
[EventDate "2022.07.24"]
[EventType "swiss"]
[EventRounds "9"]
[EventCountry "ESP"]
[SourceTitle "Ajedrez en Madrid"]
[Source "lmi"]
[SourceDate "2022.07.24"]
[SourceVersion "1"]
[SourceVersionDate "2022.08.06"]
[SourceQuality "1"]

1. e4 Nc6 2. Nf3 d6 3. d4 Nf6 4. Nc3 g6 5. h3 Bg7 6. Be2 O-O 7. Bg5 a6 8. O-O
h6 9. Be3 e5 10. dxe5 dxe5 11. Qc1 Nd4 12. Rd1 Nxe2+ 13. Nxe2 Qe7 14. Bxh6 Nxe4
15. Bxg7 Kxg7 16. Qe3 Nd6 17. Nc3 f6 18. Nd5 Qf7 19. Qc5 Ne8 20. Ne7 Rh8 21.
Rd8 b6 22. Qa3 Nd6 23. Rxh8 Kxh8 24. Nh4 g5 25. Nxc8 Rxc8 26. Nf3 a5 27. Rd1
Re8 28. Qe3 Qg6 29. h4 e4 30. Nd4 gxh4 31. Qh3 Qh5 32. Re1 Rg8 33. Ne6 Qg4 34.
Qxg4 Rxg4 35. Nxc7 Nc4 36. Nd5 f5 37. Ne3 Nxe3 38. Rxe3 Kg7 39. Rb3 Rg6 40. Rb5
h3 41. g3 f4 42. Rh5 e3 43. fxe3 Rxg3+ 44. Kh2 Rg2+ 45. Kxh3 Rxc2 46. exf4 Rxb2
47. Rg5+ Kf6 48. Rg2 Rxg2 49. Kxg2 b5 50. Kf3 b4 51. Ke4 a4 52. Kd4 b3 53. axb3
axb3 54. Kc3 Kf5 55. Kxb3 Kxf4 1/2-1/2

[Event "10. Torneo I. Cidade de Pontevedra 2022"]
[Site "Pontevedra ESP"]
[Date "2022.07.29"]
[Round "8.7"]
[White "Vignesh, N R.."]
[Black "Krutti, Valer"]
[Result "1-0"]
[WhiteElo "2427"]
[BlackElo "2292"]
[PlyCount "69"]
[EventDate "2022.07.24"]
[EventType "swiss"]
[EventRounds "9"]
[EventCountry "ESP"]
[SourceTitle "Ajedrez en Madrid"]
[Source "lmi"]
[SourceDate "2022.07.24"]
[SourceVersion "1"]
[SourceVersionDate "2022.08.06"]
[SourceQuality "1"]

1. e4 c5 2. Nf3 e6 3. g3 d5 4. exd5 exd5 5. d4 Nc6 6. Bg2 Bg4 7. O-O Bd6 8. h3
Bh5 9. dxc5 Bxc5 10. Nc3 Nge7 11. Ne2 Bg6 12. Nf4 Be4 13. Ng5 Bxg2 14. Kxg2 h6
15. Nge6 fxe6 16. Nxe6 Qd6 17. Re1 g5 18. Qh5+ Kd7 19. Qg4 Ke8 20. h4 Bb6 21.
hxg5 h5 22. Qe2 Kd7 23. Bf4 Qb4 24. Rad1 Qxb2 25. g6 Rag8 26. g7 Rxg7 27. Rb1
Qf6 28. Nxg7 Qxg7 29. Qe6+ Kd8 30. Qd6+ Ke8 31. c4 dxc4 32. Rbd1 Bd4 33. Re6 h4
34. Bh6 Qg4 35. Rxd4 1-0